=LDR 00000nam 2200000 4500 =001 INLIS000000000008541 =005 20130612100408 =008 ***********************************Ind** =035 ##$$0010-061300000008541 =041 ##$$a Ind =082 ##$$a 2x4.131 =090 ##$$a 2x4.131, Mun t =100 ##$$a Munajjid, Muhammad Shalid =245 ##$$a 70 Masalah Shaum, Muhammad Shalid al- Munajjid =260 ##$$a 2001 $b Jakarta =300 ##$$a vi,32 hlm, 17 cm =650 ##$$a Puasa Wajib